Trudy naučno-issledovateľskogo instituta zemnogo magnetizma, ionosfery i rasprostranenia radiovoln. Vypusk 12.

Uložené v:
Podrobná bibliografia
Médium: Kniha
Jazyk:Russian
Vydané: Moskva : Gidrometeoizdat, 1957.
Fyzický popis: 294 strán.
Tagy: Pridať tag
Žiadne tagy, Buďte prvý kto otaguje tento záznam!

MARC

LEADER 00000nam a22000002i 4500
001 000697113
005 20230516104844.0
008 230516s1957 ru e 000 0 rus d
020 |c Kčs 19,80  |q (viazané) 
040 |a SVKKK  |b slo  |c SVKKK  |e rda 
245 0 0 |a Trudy naučno-issledovateľskogo instituta zemnogo magnetizma, ionosfery i rasprostranenia radiovoln. Vypusk 12. 
264 1 |a Moskva :  |b Gidrometeoizdat,  |c 1957. 
300 |a 294 strán. 
336 |a text  |b txt  |2 rdacontent 
337 |a bez média  |b n  |2 rdamedia 
338 |a zväzok  |b nc  |2 rdacarrier 
500 |a Záznam revízie 
910 |a svkkk 
998 |a BK 
090 |g SCKHL  |k Sklad Pribinova 3. posch.  |a V.20016  |j 146559  |i 2721007960  |s Vyradená